00422cam a2200157ua 45000010005000000080039000050400009000440820013000531000035000662450054001012500009001552600034001643000017001986530019002156530030002343180111012n ii |||gr||||Z||||||asm cMAIN a891.45131 aSarma, Satyendranath,eAuthor.11aAsamiya upanyasar bhumikacby Satyendranath sarma a4th. aGuahati:bSaumar Prakash,992. a184p:c23cm. aAssamese novel aAsamiya upanyasar bhumika